The 20 Best Albums, 1996-2021 - Statistics

General Stats
  • This quiz has been taken 43 times
  • The average score is 10 of 20
Answer Stats
Album Artist % Correct
2 OK Computer Radiohead
90%
5 To Pimp a Butterfly Kendrick Lamar
71%
3 My Beautiful Dark Twisted Fantasy Kanye West
66%
13 Yeezus Kanye West
66%
1 Kid A Radiohead
66%
4 In Rainbows Radiohead
66%
17 Norman Fucking Rockwell! Lana Del Rey
63%
6 Blonde Frank Ocean
56%
9 good kid, m.A.A.d city Kendrick Lamar
54%
14 Channel Orange Frank Ocean
49%
20 Melodrama Lorde
46%
11 In the Aeroplane Over the Sea Neutral Milk Hotel
41%
8 Is This It The Strokes
41%
16 Madvillainy Madvillain
39%
12 Illinois Sufjan Stevens
39%
7 Funeral Arcade Fire
37%
18 Carrie & Lowell Sufjan Stevens
34%
10 Yankee Hotel Foxtrot Wilco
29%
15 Sound of Silver LCD Soundsystem
15%
19 Animal Collective Merriweather Post Pavillion
15%
No matching quizzes found
Score Distribution
Percent of People with Each Score
Percentile by Number Answered
Your Score History
You have not taken this quiz